U.S. State Capitals With Two or More Words - Statistics

General Stats
  • This quiz has been taken 68 times
  • The average score is 7 of 9
Answer Stats
Answer % Correct
Baton Rouge
89%
Jefferson City
85%
Carson City
84%
Oklahoma City
84%
Des Moines
82%
Salt Lake City
77%
Little Rock
76%
Santa Fe
73%
St. Paul
73%
No matching quizzes found
Score Distribution
Percent of People with Each Score
Percentile by Number Answered
Your Score History
You have not taken this quiz